Shadows And Spotlights (Record no. 206570)

MARC details
000 -LEADER
fixed length control field 00599nam a2200193 4500
005 - DATE AND TIME OF LATEST TRANSACTION
control field 20241022142241.0
010 ## - LCCN (DPL NO)
LC control number ENG-142265
020 ## - INTERNATIONAL STANDARD BOOK NUMBER
Terms of availability 495.00
International Standard Book Number 9789392930379
035 ## - SYSTEM CONTROL NUMBER
System control number EN-125797
037 ## - SOURCE OF ACQUISITION
Source of stock number/acquisition DBAD
082 ## - DEWEY DECIMAL CLASSIFICATION NUMBER
Classification number 158.1
100 ## - MAIN ENTRY--PERSONAL NAME
Personal name Modi, Lipika
245 ## - TITLE STATEMENT
Title Shadows And Spotlights
Remainder of title Lipika Modi
250 ## - EDITION STATEMENT
Edition statement First
260 ## - PUBLICATION, DISTRIBUTION, ETC. (IMPRINT)
Name of publisher, distributor, etc Navshila Prakashan
Place of publication, distribution, etc Nangloi
Date of publication, distribution, etc 2022
270 ## - ADDRESS
Address A-75, Shriram Colony, Nilothi Extn
City New Delhi
Postal code 110041
Electronic mail address navshilaprakashan@gmail.com
Telephone number 09582969313
-- 8527982752
300 ## - PHYSICAL DESCRIPTION
Extent 128p.
Dimensions 22cm(hb)
942 ## - ADDED ENTRY ELEMENTS (KOHA)
Source of classification or shelving scheme Dewey Decimal Classification
Item type English Books
Classification part 158.1
Call number suffix MOD
Edition 2022
Holdings
Withdrawn status Lost status Not for loan Collection code Home library Current library Date acquired Source of acquisition Cost, normal purchase price Full call number Barcode Copy number Cost, replacement price Koha item type
      Non-fiction Bawana Bawana 22/10/2024 DBAD 495.00 158.1 MOD EN-125797 1 495.00 English Books

© Delhi Public Library
Hit Counter
free hit counter